00723nam a2200229 a 450000100060000000300090000600500170001500800410003201500210007303500150009404000280010904100080013704300180014508200170016310000400018024000390022024500430025926000690030230000350037153000530040665000340045924762CO-ViMGA20230915232017.0141112s2004 ck r 000 u spa d ack - 1989 - xxxx aAGS2992 LA aCO-ViMGAbspacCO-ViMGA aspa as - ck - - - 04aI861.6 N45p1 aNiño, Jairo Aníbal, 1941 - 2010 aBoyacá - Bibliografía regional10aPreguntario / cJairo Aníbal Niño. aSanta Fe de Bogotá : bInstituto Nacional para Ciegos, c1994. a[41] h. : il. [col.] ; 29 cm. aTambién disponible en : Recurso electrónico.14aPoesía infantil colombiana.